| Поле | Название | Значение |
| |
Тип записи |
a |
| |
Библиографический уровень |
m |
| 001 |
Контрольный номер |
RU/URAIT/583479 |
| 005 |
Дата корректировки |
20260429163654.7 |
| 008 |
Кодируемые данные |
260429s2026 RU y f j 000 0 rus u |
| 020 |
Индекс ISBN |
__ |
| a |
ISBN |
978-5-534-15482-5 |
| c |
Цена, тираж |
1519.00 |
| 040 |
Источник каталогиз. |
__ |
| a |
Служба первич. каталог. |
ИКО Юрайт |
| c |
Служба, преобразующая запись |
ИКО Юрайт |
| e |
Правила каталог. |
RCR |
| 041 |
Код языка издания |
__ |
| a |
Код языка текста |
rus |
| 044 |
Код страны публикации |
__ |
| a |
Код страны публикации |
RU |
| 080 |
Индекс УДК |
__ |
| a |
Индекс УДК |
614.2(075.8) |
| 084 |
Индекс другой классификации/Индекс ББК |
__ |
| 2 |
Источник индекса |
rubbk |
| a |
Индекс другой классификации/Индекс ББК |
87.75я73 |
| 100 |
Автор |
__ |
| a |
Автор |
Протанская Е. С. |
| q |
Полное имя |
Протанская Елена Сергеевна |
| 245 |
Заглавие |
__ |
| a |
Заглавие |
Биоэтика |
| b |
Продолж. заглавия |
учебник и практикум для вузов |
| c |
Ответственность |
Е. С. Протанская [и др.] ; под редакцией Е. С. Протанской. |
| 256 |
Характеристики компьютерного файла |
__ |
| a |
Характеристики компьютерного файла |
Электрон. дан. |
| 260 |
Выходные данные |
__ |
| a |
Место издания |
Москва |
| b |
Издательство |
Юрайт |
| c |
Дата издания |
2026 |
| 300 |
Физическое описание |
__ |
| a |
Объем |
278 с |
| 440 |
Серия |
__ |
| a |
Серия |
Высшее образование |
| 500 |
Примечания |
__ |
| a |
Примечание |
URL: https://urait.ru/bcode/583479 (дата обращения: 29.04.2026). |
| 520 |
Аннотация |
__ |
| a |
Аннотация |
Авторы курса раскрывают проблемы биомедицинской этики, находящиеся сегодня в центре внимания общественности, правоохранительных органов, законодателей: права врачей и пациентов; деонтология в педиатрии; ятрогении; этические проблемы вмешательства в репродукцию; регулирование трансплантации органов и тканей человека; смерть и умирание; паллиативная медицина. История медицинской помощи предстает как путь гуманистического развития человечества. Занимательно, на конкретных примерах, показаны достижения и заблуждения медиков прошлого и современности в поисках наилучших форм исцеления, милосердия и справедливости по отношению к пациентам. Курс петербургских ученых отличается широтой поставленных проблем, многообразием подходов к пониманию сложности и ответственности морального выбора в помогающих профессиях. |
| 538 |
Прим. о системных особенностях |
__ |
| a |
Прим. о системных особенностях |
Режим доступа: Электронно-библиотечная система Юрайт, для авториз. пользователей |
| 653 |
Ключевые слова |
__ |
| a |
Ключевые слова |
Специальные философские дисциплины |
| 653 |
Ключевые слова |
__ |
| a |
Ключевые слова |
Общественные науки |
| 653 |
Ключевые слова |
__ |
| a |
Ключевые слова |
Основы биоэтики |
| 653 |
Ключевые слова |
__ |
| a |
Ключевые слова |
Биоэтика |
| 653 |
Ключевые слова |
__ |
| a |
Ключевые слова |
Биоэтика и проблемы биобезопасности |
| 653 |
Ключевые слова |
__ |
| a |
Ключевые слова |
Правовое регулирование инженерной деятельности |
| 653 |
Ключевые слова |
__ |
| a |
Ключевые слова |
Основы медицинской деонтологии |
| 653 |
Ключевые слова |
__ |
| a |
Ключевые слова |
Деонтология и биоэтика |
| 700 |
Другие авторы |
__ |
| a |
Другие авторы |
Кетова Т. Н. |
| q |
Полное имя |
Кетова Татьяна Николаевна |
| 700 |
Другие авторы |
__ |
| a |
Другие авторы |
Бондарук А. Ф. |
| q |
Полное имя |
Бондарук Александр Феодосьевич |
| 700 |
Другие авторы |
__ |
| a |
Другие авторы |
Есликова Е. В. |
| q |
Полное имя |
Есликова Елена Владимировна |
| 700 |
Другие авторы |
__ |
| a |
Другие авторы |
Загашева М. В. |
| q |
Полное имя |
Загашева Мария Викторовна |
| 700 |
Другие авторы |
__ |
| a |
Другие авторы |
Иванов А. Л. |
| q |
Полное имя |
Иванов Анатолий Леонидович |
| 700 |
Другие авторы |
__ |
| a |
Другие авторы |
Новицкая Л. Ф. |
| q |
Полное имя |
Новицкая Людмила Федоровна |
| 700 |
Другие авторы |
__ |
| a |
Другие авторы |
Семенова С. В. |
| q |
Полное имя |
Семенова Светлана Васильевна |
| 700 |
Другие авторы |
__ |
| a |
Другие авторы |
Степанова Т. П. |
| q |
Полное имя |
Степанова Татьяна Павловна |
| 856 |
Электронный адрес документа |
40 |
| n |
Местонахождение сервера |
Юрайт |
| g |
|
Электронная книга |
| q |
Тип электронного формата |
html |
| h |
Имя пользователя |
ЮРАЙТ |
| v |
Часы доступа к ресурсу |
20271231 |
| 2 |
Способ доступа |
Показать документ |
| x |
Служебное примечание |
https://urait.ru/book/cover/B8168140-433C-4756-B9AC-7CAB58F7A5CC |
| u |
URL |
https://urait.ru/bcode/583479 |
| 856 |
Электронный адрес документа |
48 |
| q |
Тип электронного формата |
cover |
| u |
URL |
https://urait.ru/book/cover/B8168140-433C-4756-B9AC-7CAB58F7A5CC |
| 911 |
|
__ |
| u |
|
0030=https://urait.ru/bcode/583479 |
| 911 |
|
__ |
| u |
|
073a=9785534154825 |
| u |
|
073d=1519.00 |
| 911 |
|
__ |
| u |
|
106a=s |
| 911 |
|
__ |
| u |
|
900l= |
| 952 |
Тип литературы |
__ |
| i |
Дисциплина |
Основы биоэтики |
| 952 |
Тип литературы |
__ |
| i |
Дисциплина |
Биоэтика |
| 952 |
Тип литературы |
__ |
| i |
Дисциплина |
Биоэтика и проблемы биобезопасности |
| 952 |
Тип литературы |
__ |
| i |
Дисциплина |
Правовое регулирование инженерной деятельности |
| 952 |
Тип литературы |
__ |
| i |
Дисциплина |
Основы медицинской деонтологии |
| 952 |
Тип литературы |
__ |
| i |
Дисциплина |
Деонтология и биоэтика |